Había una vez un recuerdo / (Registro nro. 4227)
[ vista simple ]
| 000 -LEADER | |
|---|---|
| fixed length control field | 01496nam a2200325Ia 4500 |
| 003 - CONTROL NUMBER IDENTIFIER | |
| control field | OSt |
| 005 - DATE AND TIME OF LATEST TRANSACTION | |
| control field | 20200312150811.0 |
| 008 - FIXED-LENGTH DATA ELEMENTS--GENERAL INFORMATION | |
| fixed length control field | 191128s2015 ck a ar 000 j spa d |
| 020 ## - INTERNATIONAL STANDARD BOOK NUMBER | |
| International Standard Book Number | 9789588787510 |
| 040 ## - CATALOGING SOURCE | |
| Original cataloging agency | CO-JMCR |
| Transcribing agency | CO-JMCR |
| 041 1# - LANGUAGE CODE | |
| Language code of text/sound track or separate title | spa |
| Language code of original | eng |
| 082 04 - DEWEY DECIMAL CLASSIFICATION NUMBER | |
| Classification number | C / |
| Edition number | LADh |
| 100 1# - MAIN ENTRY--PERSONAL NAME | |
| Personal name | Laden, Nina, |
| Relator term | autora |
| 9 (RLIN) | 1481 |
| 245 10 - TITLE STATEMENT | |
| Title | Había una vez un recuerdo / |
| Statement of responsibility, etc. | Nina Laden ; ilustrado por Renata Liwska ; traducción al español de Macarena Salas |
| 260 ## - PUBLICATION, DISTRIBUTION, ETC. | |
| Place of publication, distribution, etc. | Bogotá : |
| Name of publisher, distributor, etc. | Monserrate, |
| Date of publication, distribution, etc. | 2015 |
| 300 ## - PHYSICAL DESCRIPTION | |
| Extent | [34] páginas sin numerar : |
| Other physical details | ilustraciones a color ; |
| Dimensions | 29 cm. |
| 490 0# - SERIES STATEMENT | |
| Series statement | Leer es mi cuento |
| 500 ## - GENERAL NOTE | |
| General note | Edición especial. Colección para la primera infancia del Ministerio de Cultura. Plan Nacional de Lectura y Escritura. |
| 500 ## - GENERAL NOTE | |
| General note | Título original: Unce upon a memory |
| 520 ## - SUMMARY, ETC. | |
| Summary, etc. | Cuando una pluma aparece volando por la ventana de un niño, comienza un viaje fantástico. El niño sigue a la pluma y entra en un mundo lleno de animales adorables donde la fantasía y la realidad se juntan de maneras sorprendentes y juguetonas. |
| 521 ## - TARGET AUDIENCE NOTE | |
| Target audience note | Recomendado de 4-6 años |
| Source | Tapa posterior |
| 546 ## - LANGUAGE NOTE | |
| Language note | Traducido del inglés |
| 650 14 - SUBJECT ADDED ENTRY--TOPICAL TERM | |
| Topical term or geographic name entry element | Cuentos infantiles estadounidenses |
| Chronological subdivision | Siglo XXI |
| 9 (RLIN) | 1482 |
| 650 14 - SUBJECT ADDED ENTRY--TOPICAL TERM | |
| Topical term or geographic name entry element | Libros ilustrados para niños |
| 9 (RLIN) | 180 |
| 650 14 - SUBJECT ADDED ENTRY--TOPICAL TERM | |
| Topical term or geographic name entry element | Osos |
| General subdivision | cuentos infantiles |
| 9 (RLIN) | 1483 |
| 650 14 - SUBJECT ADDED ENTRY--TOPICAL TERM | |
| Topical term or geographic name entry element | Memoria |
| General subdivision | cuentos infantiles |
| 9 (RLIN) | 1484 |
| 700 1# - ADDED ENTRY--PERSONAL NAME | |
| Personal name | Liwska, Renata, |
| Relator term | ilustradora |
| 9 (RLIN) | 1485 |
| 700 1# - ADDED ENTRY--PERSONAL NAME | |
| Personal name | Salas, Macarena, |
| Relator term | traductora |
| 9 (RLIN) | 1486 |
| 942 ## - ADDED ENTRY ELEMENTS (KOHA) | |
| Source of classification or shelving scheme | Dewey Decimal Classification |
| Koha item type | Books |
| Withdrawn status | Lost status | Source of classification or shelving scheme | Materials specified (bound volume or other part) | Damaged status | Not for loan | Collection code | Home library | Current library | Date acquired | Source of acquisition | Cost, normal purchase price | Total Checkouts | Total Renewals | Full call number | Barcode | Date last seen | Date last checked out | Copy number | Price effective from | Koha item type |
|---|---|---|---|---|---|---|---|---|---|---|---|---|---|---|---|---|---|---|---|---|
| Dewey Decimal Classification | Donación--24/08/2018-- | Fiction | Biblioteca Pública José María del Castillo y Rada | Biblioteca Pública José María del Castillo y Rada | 08/24/2018 | Donación | 0.00 | 6 | 2 | C / LADh | 201809057 | 11/06/2024 | 11/05/2024 | Ej.1 | 11/28/2019 | Books |